States With the Most Police Officers - Statistics

General Stats
  • This quiz has been taken 126 times
  • The average score is 12 of 15
Answer Stats
Number of Officers State % Correct
54,353 Texas
100%
78,062 California
99%
62,962 New York
99%
23,005 Ohio
83%
47,887 Georgia
82%
29,511 New Jersey
80%
19,830 Michigan
79%
26,726 Pennsylvania
79%
19,331 Virginia
79%
24,948 North Carolina
74%
17,537 Maryland
72%
34,534 Indiana
65%
17,376 Tennessee
65%
17,768 Louisiana
64%
39,145 Hawaii
54%
No matching quizzes found
Score Distribution
Percent of People with Each Score
Percentile by Number Answered
Your Score History
You have not taken this quiz